[Event "Rostov on Don rapid GP Stage 28th"]
[Site "Rostov on Don"]
[Date "2021.10.30"]
[Round "10"]
[White "Eraschenkov, Denis"]
[Black "Golovanev, Vladimir"]
[Result "1-0"]
[WhiteElo "2349"]
[BlackElo "2086"]
[PlyCount "113"]
[EventDate "2021.10.29"]
[EventType "swiss"]
[EventRounds "11"]
[EventCountry "RUS"]
[SourceTitle "CBM 204 Extra"]
[Source "ChessBase"]
[SourceDate "2021.11.30"]
[SourceVersion "1"]
[SourceVersionDate "2021.11.30"]
[SourceQuality "1"]

1. c4 e6 2. Nf3 d5 3. g3 Nf6 4. Bg2 Be7 5. 0-0 0-0 6. b3 b6 7. cxd5 exd5 8. Bb2 Bb7 9. d4 Re8 10. Nc3 c6 11. Qc2 Na6 12. a3 Nc7 13. Rad1 Bd6 14. e3 Qe7 15. a4 Ne4 16. Nxe4 Qxe4 17. Qc1 Qe6 18. Rfe1 c5 19. dxc5 bxc5 20. e4 d4 21. e5 Bf8 22. Nxd4 cxd4 23. Bxb7 Rab8 24. Bg2 Qxb3 25. Bxd4 Ne6 26. Bxa7 Rbc8 27. Qa1 Bc5 28. Bxc5 Nxc5 29. a5 Qb8 30. a6 Qa7 31. Rd6 h6 32. Qd4 Qb8 33. h4 Ne6 34. Qb6 Rc7 35. Rb1 Qa7 36. Qxa7 Rxa7 37. Rb7 Rea8 38. Rxa7 Rxa7 39. f4 Nc5 40. Bf1 Kf8 41. Rc6 Nd7 42. Bh3 Ke7 43. Bxd7 Kxd7 44. Rd6+ Kc7 45. Kf2 Ra8 46. Kf3 Rb8 47. Rd3 Rb6 48. Ra3 Kb8 49. a7+ Ka8 50. h5 g6 51. hxg6 Rxg6 52. g4 Rb6 53. Ke4 Rb5 54. Kf5 Rb6 55. Rd3 Rb7 56. Rd6 Kxa7 57. Rxh6 1-0

[Event "Titled Tuesday intern op 4th Aug 10am"]
[Site "Chess.com INT"]
[Date "2020.08.04"]
[Round "2"]
[White "Gledura, Benjamin"]
[Black "Eraschenkov, Denis"]
[Result "1-0"]
[WhiteElo "2620"]
[BlackElo "2349"]
[PlyCount "69"]
[EventDate "2020.08.04"]
[EventType "swiss (blitz)"]
[EventRounds "10"]
[EventCountry "USA"]
[SourceTitle "CBM 197 Extra"]
[Source "ChessBase"]
[SourceDate "2020.09.30"]
[SourceVersion "1"]
[SourceVersionDate "2020.09.30"]
[SourceQuality "1"]

1. Nf3 Nf6 2. g3 g6 3. b3 Bg7 4. Bb2 0-0 5. Bg2 d5 6. c4 c6 7. 0-0 a5 8. d3 a4 9. b4 dxc4 10. dxc4 Bf5 11. Nbd2 a3 12. Bc3 Qc8 13. Qb3 Bh3 14. Rad1 Bxg2 15. Kxg2 Nbd7 16. Nb1 Qc7 17. Nxa3 e5 18. Nc2 e4 19. Nfd4 c5 20. Nb5 Qc8 21. a3 Ra6 22. Ne3 h5 23. Nd5 Nxd5 24. Rxd5 Nf6 25. Rxc5 Qg4 26. Qb2 Ne8 27. h3 Qd7 28. Bxg7 Nxg7 29. Nc3 e3 30. Nd5 Nf5 31. Nf6+ Rxf6 32. Qxf6 exf2 33. Rxf5 Qxf5 34. Qxf5 gxf5 35. Rxf2 1-0

[Event "Titled Tuesday intern op 3rd March"]
[Site "Chess.com INT"]
[Date "2020.03.03"]
[Round "3"]
[White "Abdisalimov, Abdimalik"]
[Black "Eraschenkov, Denis"]
[Result "1-0"]
[WhiteElo "2397"]
[BlackElo "2349"]
[PlyCount "121"]
[EventDate "2020.03.03"]
[EventType "swiss (blitz)"]
[EventRounds "10"]
[EventCountry "USA"]
[SourceTitle "EXT 2021"]
[Source "ChessBase"]
[SourceDate "2020.10.23"]
[SourceVersion "1"]
[SourceVersionDate "2020.10.23"]
[SourceQuality "1"]

1. Nf3 Nf6 2. d4 g6 3. c4 Bg7 4. g3 c6 5. Bg2 d5 6. 0-0 0-0 7. Qb3 a5 8. Nc3 a4 9. Qb4 dxc4 10. Qxc4 Be6 11. Qd3 Na6 12. a3 Nc7 13. Bg5 Nfd5 14. Ne4 h6 15. Bd2 b6 16. Rac1 f5 17. Nc3 Nxc3 18. Rxc3 Bd5 19. Rfc1 Be4 20. Qc4+ Bd5 21. Qb4 Qd7 22. e3 Na6 23. Qxa4 Nc5 24. Qd1 Na4 25. R3c2 Bb3 26. Ne1 Nxb2 27. Qe2 Bxc2 28. Rxc2 Rxa3 29. Rxb2 c5 30. Qc4+ Kh7 31. Rxb6 cxd4 32. Rb7 Rc8 33. Qb4 Qd6 34. Qxd6 exd6 35. exd4 Ra2 36. Be3 Kh8 37. Bd5 Ra1 38. Kf1 Re8 39. Bf7 Rf8 40. Bxg6 Ra4 41. Nc2 Rc4 42. Rb2 Rfc8 43. Bxf5 Rf8 44. Bd3 Rc3 45. Ke2 Rc7 46. Ra2 Re7 47. Kd2 Re6 48. h4 Ref6 49. Ke2 h5 50. Ra6 Bh6 51. Bxh6 Rxh6 52. Ne3 Rhf6 53. Nf5 Re8+ 54. Kd2 Rd8 55. Ke3 Kg8 56. Kf4 Kf8 57. d5 Rf7 58. Be4 Rf6 59. f3 Rf7 60. Kg5 Kg8 61. Kxh5 1-0

[Event "Titled Tuesday intern op 3rd March"]
[Site "Chess.com INT"]
[Date "2020.03.03"]
[Round "2"]
[White "Eraschenkov, Denis"]
[Black "Bordi, Kevin Claude"]
[Result "1-0"]
[WhiteElo "2349"]
[BlackElo "2288"]
[PlyCount "127"]
[EventDate "2020.03.03"]
[EventType "swiss (blitz)"]
[EventRounds "10"]
[EventCountry "USA"]
[SourceTitle "EXT 2021"]
[Source "ChessBase"]
[SourceDate "2020.10.23"]
[SourceVersion "1"]
[SourceVersionDate "2020.10.23"]
[SourceQuality "1"]

1. e4 d5 2. exd5 Qxd5 3. Nc3 Qa5 4. d4 Nf6 5. Nf3 c6 6. Bd2 Bf5 7. Ne5 Nbd7 8. Nc4 Qc7 9. Qf3 Bg4 10. Qg3 Qxg3 11. hxg3 g6 12. f3 Be6 13. 0-0-0 Bg7 14. g4 Nb6 15. Ne5 Nfd7 16. Bh6 Bxh6+ 17. Rxh6 Nxe5 18. dxe5 Nd7 19. Re1 Kf8 20. g5 Kg7 21. f4 Rad8 22. Be2 Nc5 23. b4 Nd7 24. g4 Nf8 25. Rf1 Rd4 26. f5 Bc8 27. a3 b6 28. Rh2 h6 29. Rfh1 gxf5 30. gxh6+ Kh7 31. gxf5 Bxf5 32. Rf2 Bg6 33. Bh5 Kg8 34. Ne2 Rc4 35. Bxg6 Nxg6 36. Ng3 Nxe5 37. Kb2 Rg4 38. Nf5 e6 39. h7+ Kf8 40. Nd6 Rg7 41. Re1 Ng4 42. Rxe6 Rgxh7 43. Re8+ Kg7 44. Rxf7+ Kg6 45. Rxh8 Rxf7 46. Nxf7 Kxf7 47. Rh7+ Ke6 48. Rxa7 b5 49. a4 bxa4 50. Rxa4 Ne5 51. Kb3 Kd5 52. Ra8 Nf3 53. Rd8+ Ke6 54. c4 Ke7 55. Rd1 Ke6 56. c5 Ng5 57. Rd6+ Ke7 58. Rxc6 Nf3 59. Rd6 Ne5 60. Kc3 Nf7 61. Rd3 Ng5 62. Kc4 Nh7 63. b5 Nf6 64. b6 1-0

[Event "Mumbai Wealth op 5th"]
[Site "Mumbai"]
[Date "2020.01.05"]
[Round "7"]
[White "Eraschenkov, Denis"]
[Black "David, Alberto"]
[Result "1/2-1/2"]
[WhiteElo "2386"]
[BlackElo "2545"]
[PlyCount "176"]
[EventDate "2019.12.30"]
[EventType "swiss"]
[EventRounds "9"]
[EventCountry "IND"]
[SourceTitle "CBM 194 Extra"]
[Source "ChessBase"]
[SourceDate "2020.03.31"]
[SourceVersion "1"]
[SourceVersionDate "2020.03.31"]
[SourceQuality "1"]

1. Nf3 Nf6 2. c4 e6 3. g3 d5 4. Bg2 Be7 5. 0-0 0-0 6. b3 c5 7. Bb2 Nc6 8. cxd5 Nxd5 9. d4 Bf6 10. e4 Ndb4 11. a3 Na6 12. e5 Be7 13. Nbd2 cxd4 14. Nc4 d3 15. Rc1 Na5 16. Ne3 Nc6 17. Rc3 Qe8 18. b4 Nc7 19. Qxd3 a6 20. Rd1 Nd5 21. Rc4 Bd7 22. Nd2 Rd8 23. Rcc1 Bc8 24. Qe2 Nxe3 25. fxe3 Qd7 26. Ne4 Qc7 27. Rf1 Qb6 28. Kh1 Qb5 29. Qxb5 axb5 30. Rfd1 Bd7 31. Kg1 Rfe8 32. Bf1 Nb8 33. Nc3 Bc6 34. Nxb5 Rxd1 35. Rxd1 Kf8 36. Kf2 Nd7 37. Rc1 Rd8 38. Na7 Be4 39. Rc8 Nb6 40. Rxd8+ Bxd8 41. Bd4 Nd7 42. Nb5 f6 43. exf6 gxf6 44. Nd6 Bh1 45. Bg2 Bxg2 46. Kxg2 b6 47. Kf3 Ke7 48. Nb5 e5 49. Bc3 f5 50. a4 Ke6 51. a5 bxa5 52. bxa5 Nc5 53. Na3 Bc7 54. Bb4 Na6 55. Bd2 Kd5 56. Nc2 Bd6 57. e4+ fxe4+ 58. Ke2 Bc5 59. Be3 Be7 60. Bb6 Bg5 61. Ne3+ Ke6 62. Nd1 Kf5 63. Nc3 Nb4 64. Bc5 Na6 65. Bb6 Nb4 66. h3 h5 67. Nb5 Be7 68. Nc7 Bd8 69. Nd5 Nxd5 70. Bxd8 Nb4 71. Be7 Na6 72. Bd8 Nc5 73. Bb6 Na6 74. Be3 Nc7 75. Kd2 Ke6 76. g4 hxg4 77. hxg4 Kf6 78. Bb6 Na6 79. Bd8+ Ke6 80. Ke3 Kd5 81. g5 Nc5 82. Be7 Ne6 83. a6 Kc6 84. g6 Nf4 85. a7 Kb7 86. g7 Nd5+ 87. Kxe4 Nxe7 88. Kxe5 Kxa7 1/2-1/2

[Event "Mumbai Wealth op 5th"]
[Site "Mumbai"]
[Date "2020.01.03"]
[Round "5"]
[White "Eraschenkov, Denis"]
[Black "Aradhya, Garg"]
[Result "1-0"]
[WhiteElo "2386"]
[BlackElo "2197"]
[PlyCount "125"]
[EventDate "2019.12.30"]
[EventType "swiss"]
[EventRounds "9"]
[EventCountry "IND"]
[SourceTitle "CBM 194 Extra"]
[Source "ChessBase"]
[SourceDate "2020.03.31"]
[SourceVersion "1"]
[SourceVersionDate "2020.03.31"]
[SourceQuality "1"]

1. e4 c5 2. Nf3 Nc6 3. Nc3 g6 4. d4 cxd4 5. Nxd4 Bg7 6. Be3 Nf6 7. Bc4 0-0 8. Bb3 Re8 9. 0-0 d6 10. h3 Na5 11. Qd3 a6 12. f4 e5 13. Nde2 Nxb3 14. axb3 exf4 15. Bxf4 d5 16. exd5 b5 17. b4 Bb7 18. Rad1 Nxd5 19. Nxd5 Qxd5 20. Qxd5 Bxd5 21. Nd4 Bc4 22. Rf2 Rad8 23. c3 Re4 24. Bg5 Rd5 25. Bf6 Bh6 26. Ra1 Be3 27. Rxa6 Re8 28. g4 h5 29. Kg2 hxg4 30. hxg4 Rd7 31. b3 Bd5+ 32. Kg3 Bxf2+ 33. Kxf2 Rc8 34. Rb6 Rb7 35. Rd6 Be6 36. g5 Kf8 37. Ke2 Bg4+ 38. Kd3 Re8 39. Ra6 Rc8 40. Ra5 Re8 41. Kd2 Bd7 42. Ra6 Re4 43. Nf3 Re8 44. Ne5 Be6 45. Kc2 Rc7 46. Kb2 Bd5 47. Rd6 Bg2 48. Rd2 Ra8 49. Rxg2 Rca7 50. Rd2 Ra2+ 51. Kc1 Ra1+ 52. Kc2 Re1 53. Nd3 Rh1 54. c4 bxc4 55. bxc4 Ke8 56. Nb2 Rh4 57. b5 Rf4 58. Kb3 Rf3+ 59. Kb4 Rf4 60. b6 Rb8 61. Kb5 Rf3 62. Nd3 Rh3 63. Nb4 1-0

[Event "Mumbai Wealth op 5th"]
[Site "Mumbai"]
[Date "2020.01.02"]
[Round "4"]
[White "Srihari, LR."]
[Black "Eraschenkov, Denis"]
[Result "1-0"]
[WhiteElo "2271"]
[BlackElo "2386"]
[PlyCount "60"]
[EventDate "2019.12.30"]
[EventType "swiss"]
[EventRounds "9"]
[EventCountry "IND"]
[SourceTitle "CBM 194 Extra"]
[Source "ChessBase"]
[SourceDate "2020.03.31"]
[SourceVersion "1"]
[SourceVersionDate "2020.03.31"]
[SourceQuality "1"]

1. d4 Nf6 2. c4 g6 3. Nc3 Bg7 4. e4 0-0 5. h3 d6 6. Be3 Na6 7. Bd3 e5 8. d5 Nc5 9. Bc2 a5 10. Nge2 Nh5 11. Qd2 Bd7 12. g4 Nf6 13. Ng3 c6 14. g5 Ne8 15. 0-0-0 cxd5 16. Nxd5 Rc8 17. Qe2 Ne6 18. h4 Nf4 19. Bxf4 exf4 20. Nf5 gxf5 21. exf5 f6 22. Ne7+ Kh8 23. Ng6+ Kg8 24. Be4 Rc5 25. Bd5+ Rxd5 26. Ne7+ Qxe7 27. Qxe7 Rf7 28. Qd8 Re5 29. Rhe1 fxg5 30. hxg5 Rc5 1-0

[Event "Bhopal op"]
[Site "Bhopal"]
[Date "2019.12.25"]
[Round "7"]
[White "Eraschenkov, Denis"]
[Black "Shiva, Pavan Teja Sharma U"]
[Result "1/2-1/2"]
[WhiteElo "2386"]
[BlackElo "2072"]
[PlyCount "77"]
[EventDate "2019.12.21"]
[EventType "swiss"]
[EventRounds "10"]
[EventCountry "IND"]
[SourceTitle "CBM 194 Extra"]
[Source "ChessBase"]
[SourceDate "2020.03.31"]
[SourceVersion "1"]
[SourceVersionDate "2020.03.31"]
[SourceQuality "1"]

1. c4 c6 2. Nf3 d5 3. b3 Bf5 4. Bb2 e6 5. g3 Nd7 6. Bg2 Ngf6 7. 0-0 Be7 8. d3 h6 9. Nbd2 0-0 10. Rc1 Rc8 11. Rc2 Re8 12. Qa1 Bf8 13. Re1 Bh7 14. Bh3 Qa5 15. a3 dxc4 16. Nxc4 Qh5 17. Bg2 Bf5 18. Nh4 Bh7 19. b4 Qb5 20. Rec1 Nd5 21. Nf3 c5 22. Ncd2 N5b6 23. bxc5 Rxc5 24. Rxc5 Nxc5 25. Ne5 f6 26. Nec4 Nba4 27. Bd4 e5 28. Be3 b6 29. d4 exd4 30. Qxd4 Ne6 31. Qd5 Qxd5 32. Bxd5 Nac5 33. Na5 Rd8 34. Ba2 Kh8 35. Nc6 Rd7 36. f3 Bg8 37. Kf2 Nd8 38. Bxg8 Kxg8 39. Nd4 1/2-1/2

[Event "RUS-chT rapid"]
[Site "Sochi"]
[Date "2019.10.19"]
[Round "6.2"]
[White "Eraschenkov, Denis"]
[Black "Khegay, Dmitriy"]
[Result "0-1"]
[WhiteElo "2382"]
[BlackElo "2509"]
[PlyCount "122"]
[EventDate "2019.10.18"]
[EventType "team-swiss (rapid)"]
[EventRounds "9"]
[EventCountry "RUS"]
[SourceTitle "CBM 192 Extra"]
[Source "Chessbase"]
[SourceDate "2019.11.06"]
[SourceVersion "1"]
[SourceVersionDate "2019.11.06"]
[SourceQuality "1"]
[WhiteTeam "Krasnoyarsk Suek"]
[BlackTeam "Nizhny Tagil Politekhnik"]
[WhiteTeamCountry "RUS"]
[BlackTeamCountry "RUS"]

1. Nf3 d5 2. c4 c6 3. e3 e6 4. b3 f5 5. Bb2 Nf6 6. g3 Bd6 7. Bg2 0-0 8. 0-0 Nbd7 9. Nd4 Qe7 10. cxd5 Nxd5 11. d3 Nc7 12. Nd2 e5 13. N4f3 Nb6 14. e4 f4 15. d4 exd4 16. Nxd4 Be5 17. Qc2 Bg4 18. h3 Rad8 19. Nxc6 bxc6 20. Bxe5 Qxe5 21. hxg4 fxg3 22. Nc4 Qf4 23. fxg3 Qxg3 24. Rxf8+ Rxf8 25. Rf1 Rxf1+ 26. Kxf1 Qf4+ 27. Kg1 Nd7 28. Qd1 Nf8 29. e5 c5 30. Qf3 Qxf3 31. Bxf3 Kf7 32. Kf2 Ke6 33. Ke3 Nd7 34. Be4 g6 35. Kf4 Nb5 36. g5 Nc3 37. Bf3 Nxa2 38. Bg4+ Ke7 39. Nd6 Nb6 40. Ne4 c4 41. bxc4 Nxc4 42. Nf6 Nb4 43. Be2 Nb6 44. Nxh7 a5 45. Bd1 N4d5+ 46. Kf3 a4 47. Nf6 a3 48. Bb3 Nb4 49. Ne4 Nd7 50. e6 Nf8 51. Nc3 Nxe6 52. Kg4 Nd4 53. Bc4 Kd6 54. Bf7 Ke5 55. Bg8 Ne6 56. Bf7 Nf4 57. Bg8 Nfd5 58. Bxd5 Nxd5 59. Na2 Ke4 60. Kg3 Kd3 61. Kf3 Kc2 0-1

[Event "RUS-chT rapid"]
[Site "Sochi"]
[Date "2019.10.19"]
[Round "7.2"]
[White "Triapishko, Alexandr"]
[Black "Eraschenkov, Denis"]
[Result "1-0"]
[WhiteElo "2514"]
[BlackElo "2382"]
[PlyCount "65"]
[EventDate "2019.10.18"]
[EventType "team-swiss (rapid)"]
[EventRounds "9"]
[EventCountry "RUS"]
[SourceTitle "CBM 192 Extra"]
[Source "Chessbase"]
[SourceDate "2019.11.06"]
[SourceVersion "1"]
[SourceVersionDate "2019.11.06"]
[SourceQuality "1"]
[WhiteTeam "SSHOR Vityaz (Vologda)"]
[BlackTeam "Krasnoyarsk Suek"]
[WhiteTeamCountry "RUS"]
[BlackTeamCountry "RUS"]

1. Nf3 Nf6 2. g3 d5 3. Bg2 Bf5 4. c4 c6 5. cxd5 cxd5 6. Qb3 Qc8 7. Nc3 Nc6 8. Nxd5 Ne4 9. 0-0 Qd7 10. Nc3 Nc5 11. Qd5 Qxd5 12. Nxd5 Rd8 13. Nc3 e5 14. d3 f6 15. Be3 a6 16. Rac1 Be6 17. Nd2 Nd4 18. b4 Nd7 19. a3 b5 20. Bxd4 exd4 21. Nd5 Bxd5 22. Bxd5 Ne5 23. Bc6+ Kf7 24. Nf3 Rd6 25. Nxe5+ fxe5 26. f4 exf4 27. Rxf4+ Ke7 28. Re4+ Re6 29. Rxd4 g6 30. Rd7+ Kf6 31. Rf1+ Kg5 32. Be4 Bd6 33. Bd5 1-0

[Event "RUS-chT rapid"]
[Site "Sochi"]
[Date "2019.10.18"]
[Round "5.2"]
[White "Goltsev, Dmitry"]
[Black "Eraschenkov, Denis"]
[Result "1/2-1/2"]
[WhiteElo "2309"]
[BlackElo "2382"]
[PlyCount "131"]
[EventDate "2019.10.18"]
[EventType "team-swiss (rapid)"]
[EventRounds "9"]
[EventCountry "RUS"]
[SourceTitle "CBM 192 Extra"]
[Source "Chessbase"]
[SourceDate "2019.11.06"]
[SourceVersion "1"]
[SourceVersionDate "2019.11.06"]
[SourceQuality "1"]
[WhiteTeam "Nizhny Novgorod FSHNO"]
[BlackTeam "Krasnoyarsk Suek"]
[WhiteTeamCountry "RUS"]
[BlackTeamCountry "RUS"]

1. e4 e5 2. Nf3 Nf6 3. Nxe5 d6 4. Nc4 Nxe4 5. Nc3 Nf6 6. d4 Be7 7. Be2 0-0 8. 0-0 Nbd7 9. Ne3 Re8 10. Qd3 g6 11. f4 Bf8 12. Bf3 Bg7 13. Bd2 Nf8 14. Rae1 c5 15. dxc5 dxc5 16. Qxd8 Rxd8 17. Bc1 Ne6 18. Ned5 Nxd5 19. Nxd5 Nd4 20. Be4 Kf8 21. c3 Bf5 22. Bxf5 Nxf5 23. Rd1 Rd6 24. Ne3 Rad8 25. Rxd6 Nxd6 26. Rd1 f5 27. g4 fxg4 28. Nxg4 Nf7 29. Rxd8+ Nxd8 30. Kf2 Kf7 31. Kf3 Ke6 32. Nf2 Nf7 33. Ne4 b6 34. Be3 Bf8 35. b3 Be7 36. c4 h5 37. Nc3 Nd8 38. Ke4 Bd6 39. Nd5 Nf7 40. Bd2 Bb8 41. a4 Nd6+ 42. Kd3 Nf5 43. a5 Nd4 44. b4 Nf3 45. Be3 cxb4 46. a6 Nxh2 47. Nxb4 Kd7 48. Ke4 Ng4 49. Bg1 Nf6+ 50. Kf3 Bd6 51. Nd3 Kc6 52. Ne5+ Bxe5 53. fxe5 Ne8 54. Kf4 Nc7 55. Kg5 Nxa6 56. Bf2 Nc7 57. Kxg6 a5 58. Kxh5 a4 59. Kg6 Ne6 60. Kf6 Nc7 61. e6 a3 62. Bd4 a2 63. Ke7 b5 64. cxb5+ Kxb5 65. Kd7 Nxe6 66. Kxe6 1/2-1/2

[Event "RUS-ch blitz"]
[Site "Sochi"]
[Date "2019.10.17"]
[Round "15"]
[White "Dianov, Alexey"]
[Black "Eraschenkov, Denis"]
[Result "0-1"]
[WhiteElo "2158"]
[BlackElo "2382"]
[PlyCount "108"]
[EventDate "2019.10.17"]
[EventType "swiss (blitz)"]
[EventRounds "15"]
[EventCountry "RUS"]
[SourceTitle "CBM 192 Extra"]
[Source "Chessbase"]
[SourceDate "2019.11.06"]
[SourceVersion "1"]
[SourceVersionDate "2019.11.06"]
[SourceQuality "1"]

1. e4 e5 2. Nf3 Nc6 3. Nc3 Nf6 4. d4 exd4 5. Nxd4 Bb4 6. Nxc6 bxc6 7. Bd3 d5 8. exd5 cxd5 9. 0-0 0-0 10. Bg5 c6 11. Na4 h6 12. Bh4 Bd6 13. Re1 Rb8 14. c3 g5 15. Bg3 Bxg3 16. hxg3 Qd6 17. Bc2 c5 18. b3 Kg7 19. Qd2 Bb7 20. Rad1 Rbd8 21. Qe3 Rc8 22. Qe7 Qc7 23. Nxc5 Qxc5 24. Qxb7 Rc7 25. Qa6 Qxc3 26. Bb1 Rd8 27. Qd3 Qc5 28. Qd4 Qxd4 29. Rxd4 a5 30. Red1 Rb8 31. Re1 Rbc8 32. Bf5 Rb8 33. Red1 Rb4 34. Rxb4 axb4 35. Rd4 Rc1+ 36. Kh2 Ra1 37. Rxb4 Rxa2 38. f3 Rd2 39. Rb7 Kf8 40. Rb8+ Ke7 41. b4 d4 42. b5 Nd5 43. Be4 Ne3 44. f4 Ng4+ 45. Kh3 Nf2+ 46. Kh2 Nxe4 47. Rh8 Rb2 48. Rxh6 Rxb5 49. fxg5 Rxg5 50. Rh4 f5 51. Rh7+ Ke6 52. Rh8 d3 53. Rd8 d2 54. Rd3 Rxg3 0-1

[Event "RUS-ch blitz"]
[Site "Sochi"]
[Date "2019.10.17"]
[Round "4"]
[White "Eraschenkov, Denis"]
[Black "Zakhartsov, Vladimir"]
[Result "1-0"]
[WhiteElo "2382"]
[BlackElo "2514"]
[PlyCount "68"]
[EventDate "2019.10.17"]
[EventType "swiss (blitz)"]
[EventRounds "15"]
[EventCountry "RUS"]
[SourceTitle "CBM 192 Extra"]
[Source "Chessbase"]
[SourceDate "2019.11.06"]
[SourceVersion "1"]
[SourceVersionDate "2019.11.06"]
[SourceQuality "1"]

1. e4 c5 2. Nf3 d6 3. c3 Nf6 4. h3 g6 5. Bd3 Bg7 6. Bc2 Nc6 7. d4 d5 8. e5 Ne4 9. 0-0 0-0 10. Nbd2 Bf5 11. Re1 Nxd2 12. Bxd2 Bxc2 13. Qxc2 Qb6 14. dxc5 Qxc5 15. Be3 Qa5 16. Bf4 Rac8 17. Qd2 Rfd8 18. Bh6 d4 19. c4 Qc5 20. Bxg7 Kxg7 21. b3 a5 22. Qf4 h6 23. Rad1 e6 24. Nh2 Qe7 25. h4 h5 26. Nf3 Qc5 27. Ng5 Qe7 28. Rd3 Rd7 29. Ne4 Rcd8 30. Nf6 Nxe5 31. Nxh5+ gxh5 32. Rxe5 f6 33. Rg3+ Kf8 34. Qh6+ Qg7 1-0

[Event "RUS-ch blitz"]
[Site "Sochi"]
[Date "2019.10.17"]
[Round "7"]
[White "Remizov, Yaroslav"]
[Black "Eraschenkov, Denis"]
[Result "1-0"]
[WhiteElo "2394"]
[BlackElo "2382"]
[PlyCount "83"]
[EventDate "2019.10.17"]
[EventType "swiss (blitz)"]
[EventRounds "15"]
[EventCountry "RUS"]
[SourceTitle "CBM 192 Extra"]
[Source "Chessbase"]
[SourceDate "2019.11.06"]
[SourceVersion "1"]
[SourceVersionDate "2019.11.06"]
[SourceQuality "1"]

1. e4 e6 2. d4 d5 3. Nc3 Nf6 4. e5 Nfd7 5. f4 c5 6. Nf3 Nc6 7. Be3 a6 8. Qd2 b5 9. Be2 Qb6 10. 0-0 cxd4 11. Nxd4 Nxd4 12. Bxd4 Qxd4+ 13. Qxd4 Bc5 14. Qxc5 Nxc5 15. b4 Na4 16. Nxa4 bxa4 17. c4 dxc4 18. Rac1 Bd7 19. Rxc4 Bb5 20. Rc2 Bxe2 21. Rxe2 Rc8 22. Rd2 Rc4 23. a3 Rc3 24. Rf3 Rc1+ 25. Kf2 0-0 26. Rd6 Ra8 27. Rfd3 g6 28. Rd7 Rac8 29. Ra7 R1c2+ 30. Kf3 R2c3 31. Ke3 Rb3 32. Rxa6 Rcc3 33. Rxc3 Rxc3+ 34. Kd4 Rxa3 35. Kc5 Rc3+ 36. Kb6 a3 37. b5 Kg7 38. Ka7 g5 39. fxg5 Kg6 40. b6 Kxg5 41. b7 Rc7 42. Rxa3 1-0

[Event "Gujarat op 2nd"]
[Site "Ahmedabad"]
[Date "2019.09.25"]
[Round "6"]
[White "Eraschenkov, Denis"]
[Black "Deepan Chakkravarthy, J."]
[Result "1/2-1/2"]
[WhiteElo "2390"]
[BlackElo "2539"]
[PlyCount "100"]
[EventDate "2019.09.22"]
[EventType "swiss"]
[EventRounds "10"]
[EventCountry "IND"]
[SourceTitle "EXT 2020"]
[Source "ChessBase"]
[SourceDate "2019.10.17"]
[SourceVersion "1"]
[SourceVersionDate "2019.10.17"]
[SourceQuality "1"]

1. Nf3 Nf6 2. c4 e6 3. g3 d5 4. Bg2 Be7 5. 0-0 0-0 6. b3 a5 7. Nc3 b6 8. d4 Bb7 9. Bb2 Na6 10. e3 Bb4 11. Qe2 Qe7 12. Rac1 Ne4 13. cxd5 Bxc3 14. Bxc3 exd5 15. Qb2 h5 16. a3 Rad8 17. b4 axb4 18. axb4 b5 19. Ne5 Nd6 20. Ra1 Ra8 21. Ra5 c6 22. Rfa1 Nc7 23. Qe2 g6 24. Nd3 Nc4 25. Ra7 Rxa7 26. Rxa7 Bc8 27. h3 Re8 28. Nc5 Qd6 29. e4 Qd8 30. e5 Ne6 31. Qf3 Ng5 32. Qf4 Bxh3 33. Bd2 Nxd2 34. Qxd2 Bxg2 35. Kxg2 Ne6 36. Nd7 Re7 37. Nf6+ Kg7 38. Ra6 Qc8 39. Ra1 Rb7 40. Rh1 Qh8 41. Rh4 Ra7 42. Qc3 Ra6 43. Qf3 Qh6 44. Ne8+ Kf8 45. Nd6 Ra7 46. Qc3 Ra6 47. Qf3 Ra7 48. Qc3 Ra6 49. Nb7 Ra2 50. Nd6 Ra6 1/2-1/2

[Event "Udaipur Lakecity op 1st"]
[Site "Udaipur"]
[Date "2019.09.20"]
[Round "10"]
[White "Mehdi, Hasan Parag"]
[Black "Eraschenkov, Denis"]
[Result "1-0"]
[WhiteElo "2183"]
[BlackElo "2390"]
[PlyCount "101"]
[EventDate "2019.09.13"]
[EventType "swiss"]
[EventRounds "10"]
[EventCountry "IND"]
[SourceTitle "EXT 2020"]
[Source "ChessBase"]
[SourceDate "2019.10.17"]
[SourceVersion "1"]
[SourceVersionDate "2019.10.17"]
[SourceQuality "1"]

1. e4 e5 2. Nf3 Nc6 3. Bb5 g6 4. 0-0 Bg7 5. c3 Nge7 6. d4 exd4 7. cxd4 a6 8. Ba4 b5 9. Bb3 0-0 10. Nc3 Na5 11. Bc2 d6 12. h3 Bb7 13. Bg5 h6 14. Bh4 Qd7 15. Re1 Nc4 16. Rb1 Rac8 17. Bd3 Nb6 18. a3 c5 19. d5 c4 20. Bc2 Rfe8 21. Nd4 Nexd5 22. Qd2 Nf6 23. Rbd1 Nh5 24. f3 Qc7 25. g4 Nf6 26. Kg2 Rcd8 27. Bg3 Nbd7 28. Nde2 Ne5 29. Nf4 Bc6 30. Bf2 Qb7 31. Nfd5 Bxd5 32. exd5 Ned7 33. Be3 Nb6 34. Ne4 Nxe4 35. Bxe4 Na4 36. Bxh6 Bxb2 37. Qc2 Bg7 38. Bg5 Rc8 39. h4 Nc3 40. h5 Rxe4 41. Rxe4 Nxe4 42. Qxe4 gxh5 43. gxh5 Qd7 44. Re1 f5 45. Qh4 Re8 46. Be7 Kf7 47. h6 Rxe7 48. hxg7 Rxe1 49. Qh7 Re2+ 50. Kg3 Kf6 51. g8N+ 1-0

[Event "Udaipur Lakecity op 1st"]
[Site "Udaipur"]
[Date "2019.09.17"]
[Round "6"]
[White "Rozum, Ivan"]
[Black "Eraschenkov, Denis"]
[Result "1-0"]
[WhiteElo "2596"]
[BlackElo "2390"]
[PlyCount "81"]
[EventDate "2019.09.13"]
[EventType "swiss"]
[EventRounds "10"]
[EventCountry "IND"]
[SourceTitle "EXT 2020"]
[Source "ChessBase"]
[SourceDate "2019.10.17"]
[SourceVersion "1"]
[SourceVersionDate "2019.10.17"]
[SourceQuality "1"]

1. d4 Nf6 2. Nf3 g6 3. Nbd2 d5 4. e3 Bg7 5. b4 0-0 6. Be2 Bf5 7. Bb2 c6 8. a4 Nbd7 9. 0-0 Ne4 10. c4 Nxd2 11. Nxd2 e5 12. cxd5 exd4 13. e4 Bxe4 14. Nxe4 cxd5 15. Ng3 d3 16. Qxd3 Bxb2 17. Rab1 Bg7 18. Qxd5 Nb6 19. Qb3 Rc8 20. Rfd1 Qe7 21. a5 Nd7 22. Bf3 Ne5 23. Bd5 Kh8 24. Qe3 Qh4 25. Qxa7 f5 26. Nf1 f4 27. Nd2 g5 28. f3 Rfd8 29. Bxb7 Nd3 30. Nb3 Rc3 31. Qb6 g4 32. a6 gxf3 33. Bxf3 Qe7 34. a7 Bd4+ 35. Qxd4+ Rxd4 36. a8Q+ Kg7 37. Qb7 Rd7 38. Qe4 Qf6 39. Rf1 Qb6+ 40. Nc5 Rxc5 41. bxc5 1-0

[Event "Udaipur Lakecity blitz op 1st"]
[Site "Udaipur"]
[Date "2019.09.16"]
[Round "1"]
[White "Jojo, KL."]
[Black "Eraschenkov, Denis"]
[Result "0-1"]
[WhiteElo "1501"]
[BlackElo "2435"]
[PlyCount "34"]
[EventDate "2019.09.16"]
[EventType "swiss (blitz)"]
[EventRounds "9"]
[EventCountry "IND"]
[SourceTitle "EXT 2020"]
[Source "ChessBase"]
[SourceDate "2019.10.17"]
[SourceVersion "1"]
[SourceVersionDate "2019.10.17"]
[SourceQuality "1"]

1. e4 e6 2. d4 d5 3. exd5 exd5 4. Nc3 Bb4 5. Bd2 Nc6 6. Nf3 Bg4 7. Be3 Nge7 8. Bb5 0-0 9. Qd3 Ng6 10. h3 Bxf3 11. gxf3 Qf6 12. f4 Nxf4 13. Bxf4 Qxf4 14. Bxc6 bxc6 15. Kf1 Rae8 16. Ne2 Qh4 17. c3 Bd6 0-1